Central Library OPAC University of Rajshahi

Lectures on the many-body problem / (Record no. 8317)

MARC details
000 -LEADER
fixed length control field 00822nam a2200265 a 4500
001 - CONTROL NUMBER
control field 8317
003 - CONTROL NUMBER IDENTIFIER
rucl marc code BD-RjUL
005 - DATE AND TIME OF LATEST TRANSACTION
control field 20211208234550.0
008 - FIXED-LENGTH DATA ELEMENTS--GENERAL INFORMATION
fixed length control field 140118m1962 nyua b 100 0 eng d
035 ## - SYSTEM CONTROL NUMBER
System control number (BD-RjUL) 8362
040 ## - CATALOGING SOURCE
Original cataloging agency DLC/ICU
Transcribing agency ICU
Modifying agency DLC
-- (BD-RjUL)
Language of cataloging eng
041 ## - LANGUAGE CODE
Language code of text/sound track or separate title eng
082 00 - DEWEY DECIMAL CLASSIFICATION NUMBER
Classification number 530.144
Author mark and year LEC 1962
Edition number 23
111 2# - MAIN ENTRY--MEETING NAME
Meeting name or jurisdiction name as entry element International Spring School of Physics.
9 (RLIN) 156573
245 10 - TITLE STATEMENT
Title Lectures on the many-body problem /
Statement of responsibility, etc. Edited by E.R. Caianiello.
260 ## - PUBLICATION, DISTRIBUTION, ETC. (IMPRINT)
Place of publication, distribution, etc. New York :
Name of publisher, distributor, etc. Academic Press,
Date of publication, distribution, etc. 1962
300 ## - PHYSICAL DESCRIPTION
Pagination vii,339 p. :
Illustrations ill. ;
Size 24 cm.
500 ## - GENERAL NOTE
General note Include index
650 #0 - SUBJECT ADDED ENTRY--TOPICAL TERM
Topical term or geographic name as entry element Many-body problem.
9 (RLIN) 25801
700 1# - ADDED ENTRY--PERSONAL NAME
Personal name Caianiello, Eduardo R.,
Dates associated with a name 1921-
Relator term ed.
710 2# - ADDED ENTRY--CORPORATE NAME
Corporate name or jurisdiction name as entry element Società italiana di fisica.
9 (RLIN) 25925
942 ## - ADDED ENTRY ELEMENTS (KOHA)
Source of classification or shelving scheme Dewey Decimal Classification
Koha item type Books
Holdings
Lost status Source of classification or shelving scheme Damaged status Not for loan Collection code Permanent Location Current Location Shelving location Date acquired Source of acquisition Cost, normal purchase price Total Checkouts Full call number Date last seen Copy number Koha item type
  Dewey Decimal Classification     Non-fiction Central Library, University of Rajshahi Central Library, University of Rajshahi   19/12/1963 Zeitlinger 84.00   530.144 LEC 1962 18/01/2014 C-2 Books
  Dewey Decimal Classification     Non-fiction Central Library, University of Rajshahi Central Library, University of Rajshahi   19/12/1963 Zeitlinger 84.00   530.144 LEC 1962 18/09/2016 C-3 Books